• 首页
  • 本馆介绍
  • 公告通知
  • 最新文献
  • 馆藏检索
  • 电子资源
  • 读者导购
  • 参考咨询
  • 我的图书馆
  • 登录
  • 详细信息显示
  • 放入我的书架
  • 预约/预借图书
  • 作者相关作品
  • 分类相关作品
  • 丛书相关作品
  • 出版社相关作品

书目信息

  • 表格格式
  • 工作单格式
  • 卡片格式
题名:
资源科学概论
    
 
作者: 刘成武 , 黄利民 编著
分册:  
出版信息: 北京   科学出版社  2004
页数: 376页
开本: 24cm
丛书名:
单 册:
中图分类: P96
科图分类:
主题词: 资源科学--高等学校--教材 , 资源科学
电子资源:
ISBN: 978-7-03-013272-7
000 00974nam0 2200265 450
001 002690982
005 20070805110328.78
010    @a978-7-03-013272-7@dCNY30.00
100    @a20040802e20072004em y0chiy0110 ea
101 0  @achi
102    @aCN@b110000
105    @ay z 000yy
106    @ar
200 1  @a资源科学概论@Azi yuan ke xue gai lun@f刘成武,黄利民等编著@Fliu cheng wu, huang li min deng bian zhu
210    @a北京@c科学出版社@d2004@h2007重印
215    @a376页@d24cm
300    @a21世纪高等院校教材
330    @a本书资源理论概论中总结和介绍了资源科学发展、资源分布规律、评价原理与方法、定价与开发决策、开发模型与环境效应等内容;中国主要资源的可持续开发与利用中剖析了土地资源、水资源、矿产资源、生物资源、海洋资源与旅游资源现状特点。
606 0  @a资源科学@x高等学校@j教材
606 0  @a资源科学
690    @aP96@v4
701  0 @a刘成武@Aliu cheng wu@4编著
701  0 @a黄利民@Ahuang li min@4编著
801  0 @aCN@bNLC@c20070805
905    @dP96@e125@f4
    
    资源科学概论/刘成武,黄利民等编著.-北京:科学出版社,2004(2007重印)
    376页;24cm
    21世纪高等院校教材
    
    ISBN 978-7-03-013272-7:CNY30.00
    本书资源理论概论中总结和介绍了资源科学发展、资源分布规律、评价原理与方法、定价与开发决策、开发模型与环境效应等内容;中国主要资源的可持续开发与利用中剖析了土地资源、水资源、矿产资源、生物资源、海洋资源与旅游资源现状特点。
●
相关链接 在E读中查询图书 在五车中查询图书 在当当中查询图书 在豆瓣中查询图书


正题名:资源科学概论     索取号:P96/125         预约/预借

序号 登录号 条形码 馆藏地/架位号 状态 备注
1 0851414   208514142   第二样本阅览室/ [索取号:P96/125] 在馆    
2 0851415   208514151   第三借阅区/ [索取号:P96/125] 在馆    
3 0851416   208514160   第三借阅区/ [索取号:P96/125] 在馆    
4 0851417   208514179   第三借阅区/ [索取号:P96/125] 在馆    
唐山师范学院图书馆 欢迎您!
大连网信软件有限公司© 版权所有